Spherical Calogero model with oscillator/Coulomb potential: Classical case; Physical Review D; Vol. 93, iss. 12

Manylion Llyfryddiaeth
Parent link:Physical Review D: particles, fields, gravitation, and cosmology.— , 1970-
Vol. 93, iss. 12.— 2016.— [125008, 9 p.]
Awdur Corfforaethol: Национальный исследовательский Томский политехнический университет Физико-технический институт Кафедра высшей математики и математической физики
Awduron Eraill: Correa F. Francisco, Akopyan (Hakobyan) T. S. Tigran Stepanovich, Lechtenfeld O. Olaf, Nersessian A. P. Armen Petrosovich
Crynodeb:Title screen
We construct the Hamiltonians and symmetry generators of Calogero-oscillator and Calogero-Coulomb models on the N-dimensional sphere within the matrix-model reduction approach. Our method also produces the integrable Calogero-Coulomb-Stark model on the sphere and proves the integrability of the spin extensions of all these systems.
Iaith:Saesneg
Cyhoeddwyd: 2016
Pynciau:
Mynediad Ar-lein:http://earchive.tpu.ru/handle/11683/37425
http://dx.doi.org/10.1103/PhysRevD.93.125008
Fformat: Electronig Pennod Llyfr
KOHA link:https://koha.lib.tpu.ru/cgi-bin/koha/opac-detail.pl?biblionumber=650085

MARC

LEADER 00000naa0a2200000 4500
001 650085
005 20250310144841.0
035 |a (RuTPU)RU\TPU\network\15267 
090 |a 650085 
100 |a 20160907d2016 k||y0rusy50 ba 
101 0 |a eng 
102 |a US 
135 |a drcn ---uucaa 
181 0 |a i  
182 0 |a b 
200 1 |a Spherical Calogero model with oscillator/Coulomb potential: Classical case  |f F. Correa [et al.] 
203 |a Text  |c electronic 
300 |a Title screen 
330 |a We construct the Hamiltonians and symmetry generators of Calogero-oscillator and Calogero-Coulomb models on the N-dimensional sphere within the matrix-model reduction approach. Our method also produces the integrable Calogero-Coulomb-Stark model on the sphere and proves the integrability of the spin extensions of all these systems. 
461 |t Physical Review D  |o particles, fields, gravitation, and cosmology  |d 1970- 
463 |t Vol. 93, iss. 12  |v [125008, 9 p.]  |d 2016 
610 1 |a электронный ресурс 
610 1 |a труды учёных ТПУ 
701 1 |a Correa  |b F.  |g Francisco 
701 1 |a Akopyan (Hakobyan)  |b T. S.  |c physicist  |c Professor of Tomsk Polytechnic University, doctor of physical and mathematical sciences  |f 1965-  |g Tigran Stepanovich  |3 (RuTPU)RU\TPU\pers\35457  |9 18654 
701 1 |a Lechtenfeld  |b O.  |g Olaf 
701 1 |a Nersessian  |b A. P.  |c physicist  |c Professor of Tomsk Polytechnic University  |f 1964-  |g Armen Petrosovich  |3 (RuTPU)RU\TPU\pers\34605  |9 17967 
712 0 2 |a Национальный исследовательский Томский политехнический университет  |b Физико-технический институт  |b Кафедра высшей математики и математической физики  |3 (RuTPU)RU\TPU\col\18727  |9 27176 
801 2 |a RU  |b 63413507  |c 20170315  |g RCR 
856 4 |u http://earchive.tpu.ru/handle/11683/37425 
856 4 |u http://dx.doi.org/10.1103/PhysRevD.93.125008 
942 |c CF